| 000 | 00701nam a2200277Ia 4500 | ||
|---|---|---|---|
| 001 | Z_3390 | ||
| 003 | CHAP | ||
| 008 | 220113s1980 xx 000 0 und d | ||
| 010 | _a166505 | ||
| 040 | _cCHAP | ||
| 082 | _a636.4 C65y | ||
| 100 |
_aConcellón Martínez, Antonio _926289 |
||
| 245 |
_aLa cerda y su camada / _cpor Antonio Concellón Martínez |
||
| 260 |
_aBarcelona : _bAedos, _c1980 |
||
| 300 |
_a307 p. : _bilus. ; láms. ; gráfs. |
||
| 440 |
_aBiblioteca agrícola Aedos _912228 |
||
| 500 | _a | ||
| 503 | _a | ||
| 650 |
_aGanado porcino _x _xReproducción _9140580 |
||
| 901 | _a636.4 C65y | ||
| 902 | _aA | ||
| 910 | _a1980 | ||
| 942 | _c1 | ||
| 942 | _cc1 | ||
| 999 |
_c166505 _d166505 |
||